Justicia para erizos

Salvato in:
Dettagli Bibliografici
Autore principale: Dworkin, Ronald (Autore)
Natura: Libro
Lingua:spagnolo
Pubblicazione: Ciudad de México Fondo de Cultura Económica 2014
Edizione:1a. ed
Serie:Política y Derecho
Soggetti:
Tags: Aggiungi Tag
Nessun Tag, puoi essere il primo ad aggiungerne!!

MARC

LEADER 00000cam a2200000 a 4500
001 UCD6501
003 CL-VaPUC
008 161216e20140000mx |||||||||||||||||spa|d
020 |a 9789505579983 
082 0 4 |a 320  |b DWO  |2 21 
100 |a Dworkin, Ronald   |e author  |9 257913 
245 1 0 |a Justicia para erizos 
250 |a 1a. ed 
300 |a 591 p 
942 |c BK 
945 |d 20161216 10:21:00  |a dcastane 
260 |a Ciudad de México  |b Fondo de Cultura Económica  |c 2014 
650 0 |a Ciencias Políticas  |9 255201 
650 7 |a FILOSOFIA POLITICA  |2 CL-VaPUC  |9 590323 
583 |a last modification  |c 20161216 10:21:00  |k Rodrigo Vera 
490 0 |a Política y Derecho 
999 |c 366809  |d 366807 
952 |0 0  |1 0  |3 erb  |4 0  |6 320_000000000000000_DWO_2014  |7 0  |8 A  |9 481353  |a BIBDER  |b BIBDER  |i 5356059  |o 320 DWO 2014  |p 5356059  |r 2023-01-25  |w 2019-11-24  |y BK  |z Catalogado en:20161216  |k DER